| 000 | 00636nam a2200217 i 4500 | ||
|---|---|---|---|
| 001 | 124633 | ||
| 003 | ES-MaACL | ||
| 005 | 20250823004924.0 | ||
| 007 | t| | ||
| 008 | 070413s1954 sp ||||1| spa d | ||
| 080 | _a78.087.5 | ||
| 100 | 1 |
_aZamacois, Joaquim. _9117883 |
|
| 245 | 1 | 0 |
_aTeoría de la música _b: dividida en cursos / _cJoaquín Zamacois. |
| 260 |
_aBarcelona : _bLabor, _c[1954] |
||
| 300 |
_a193 p., VI p. de lám. : _bil. ; _c17 cm. |
||
| 490 | 1 |
_aColección Labor ; _v469 |
|
| 650 | 7 |
_aMúsica _2embne _915376 |
|
| 830 | 0 | 0 |
_aColección Labor _v469 _9184254 |
| 852 |
_aES-MaACL _jE-2902 |
||
| 999 |
_c124633 _d124633 |
||